Países por una sola Pista #6 - Estadísticas

Estadísticas generales
  • Esta prueba ha sido intentada 4.130 veces
  • La puntuación promedio es 11 de 20
Estadísticas de respuestas
Pista País % Correcto
Segundo país más grande por área terrestre Canadá
94%
Comparte el monte Everest con China Nepal
93%
Más poblado de los países "stan" Pakistán
83%
Más poblado de las ex-repúblicas de Yugoslavia Serbia
77%
Su capital, Bratislava, está solo 62 kilómetros lejos de Viena Eslovaquia
76%
Tiene la mayor línea costera que cualquier otro país Mediterráneo Grecia
74%
Nombrado ante el río donde Jesús se bautizó Jordania
71%
Su bandera es un fondo azul con una cruz amarilla Suecia
71%
Conocido como "Éire" en au lenguaje nativa Irlanda
61%
Sus lenguajes oficiales son el español y el guaraní Paraguay
58%
Su ciudad más poblada es Guayaquil Ecuador
56%
Una vez fue el hogar de las guerrillas el Sendero Luminoso y de Túpac Amaru Perú
47%
País más reciente en unirse a la ONU, en 2011 Sudán del Sur
45%
Conocido como el "Reino Ermitaño" debido a pocas relaciones extranjera Corea del Norte
38%
Primer país europeo en negociar directamente con India Portugal
38%
Su capital es Biskek Kirguistán
35%
Su capital es nombrado ante el presidente de EE. UU. James Monroe Liberia
29%
Dirigido por el dictador de 93 años Robert Mugabe Zimbabue
19%
Cadena de islas cuyos habitantes empezaron un "culto cargo" basado en cargos de suministros de EE. UU. durante la Segunda Guerra Mundial Vanuatu
14%
La mayoría de su área está en la llanura Panónica Hungría
10%
No se encontraron pruebas coincidentes
Distribución de puntuación
Porcentaje de gente con cada puntuación
Porcentaje por número respondido
Historial de tus puntuaciones
No has intentado esta prueba.